Capacitación y contención de adolescentes en situación de riesgo socio - educativo: una experiencia en proceso /
La presente ponencia se propone comunicar la experiencia de contención y capacitación laboral para adolescentes, llevada a cabo en el Centro de Formación y Capacitación Laboral Don Bosco. La ponencia está organizada de la siguiente manera: en primer lugar, se hace referencia al contexto socio-histór...
Guardado en:
| Hovedforfatter: | |
|---|---|
| Andre forfattere: | , |
| Format: | Texto |
| Sprog: | Spanish |
| Fag: | |
| Tags: |
Tilføj Tag
Ingen Tags, Vær først til at tagge denne postø!
|
MARC
| LEADER | 00000 a a2200000 04500 | ||
|---|---|---|---|
| 001 | 26082 | ||
| 003 | cru CRAI/IIS | ||
| 005 | 20210325114930.0 | ||
| 008 | 210325b ||||| |||| 00| 0 spa d | ||
| 040 | |c CRAI/IIS | ||
| 100 | 1 | |a Acín, Alicia Beatriz |9 9916 |e Autora | |
| 245 | 1 | |a Capacitación y contención de adolescentes en situación de riesgo socio - educativo: |b una experiencia en proceso / |c Alicia Beatriz Acin, Omar Aragón, Laura Caciorgna | |
| 300 | |a páginas 281-296 | ||
| 520 | |a La presente ponencia se propone comunicar la experiencia de contención y capacitación laboral para adolescentes, llevada a cabo en el Centro de Formación y Capacitación Laboral Don Bosco. La ponencia está organizada de la siguiente manera: en primer lugar, se hace referencia al contexto socio-histórico y local en que se enmarca la presente experiencia, seguida de la población destinataria y las principales características que presenta ; a continuación se expone las concepciones que la sustentan, la propuesta del centro y consideraciones finales, que surgen de la revisión y contrastación permanente de la propuesta ideal y la propuesta en acción, como así también de las dificultades en interrogantes planteados en el transcurso de su implementación. DOC/WMV | ||
| 650 | |a JUVENTUD | ||
| 650 | |a ADOLESCENCIA | ||
| 650 | |a TRABAJADORES JOVENES | ||
| 650 | |a ORGANIZACIONES JUVENILES | ||
| 650 | |a CAPACITACION | ||
| 650 | |a PROGRAMAS DE CAPACITACION | ||
| 700 | 1 | |9 9917 |a Aragón, Omar |e Autor | |
| 700 | 1 | |9 9918 |a Caciorgna, Laura |e Autora | |
| 942 | |2 ddc |c LI | ||
| 999 | |c 7135 |d 7135 | ||
| 773 | 0 | |0 43626 |9 5231 |a Jornadas Internacionales de Investigación Social sobre Infancia y Adolescencia, la Convención de los derechos del Niño y las Prácticas Sociales. |d Córdoba, Argentina : UNICEF; Fundación Antorchas; Fundación INCIDE; Municipalidad de Córdoba ; Colegio de Profesionales de Trabajo Social de Córdoba ; Colegio de Escribanos de la Provincia de Cordoba, 2000 |o 21150 |t Ponencias / | |
